Biblioteca

Reading in Christian communities (Registro nro. 47177)

Detalles MARC
000 -LÍDER
Campo fijo de descripción fija 010540000a22002890004500
001 - NÚMERO DE CONTROL
Campo de control 20826
003 - IDENTIFICADOR DEL NÚMERO DE CONTROL
Campo de control CO-MdFUSB
005 - FECHA Y HORA DE LA ULTIMA TRANSACCIÓN
control field 20180622170416.0
008 - ELEMENTOS DE LONGITUD FIJA -- INFORMACIÓN GENERAL
Campo fijo de descripción fija -- Información general 160922t2002 xxu||||f |||| 00| 0 eng d
020 ## - NÚMERO INTERNACIONAL NORMALIZADO PARA LIBROS
Número Internacional Normalizado del libro 0-268-04017-6
040 ## - FUENTE DE CATALOGACIÓN
Agencia de catalogación original CO-MdFUSB
Idioma de catalogación Español
Agencia que realiza la transcripción CO-MdFUSB
Agencia que realiza la modificación CO-MdFUSB
041 ## - CÓDIGO DE IDIOMA
Código de idioma para texto/pista de sonido o título separado eng
082 ## - NÚMERO DE CLASIFICACIÓN DECIMAL DEWEY
Número de la edición del Dewey 24
Número de clasificación 270.1
Clave de autor-Numero de item R278r
100 1# - ASIENTO PRINCIPAL--NOMBRE PERSONAL
Nombre personal Bobertz, Charles A., (Editor)
Término relacionador Editor
245 10 - TÍTULO
Título del Material Reading in Christian communities
Parte restante del título - Subtitulo : Essays on interpretation in the early church
Mención de responsabilidad, etc. / Edited by Charles A. Bobertz, David Brakkie
264 ## - PRODUCCIÓN, PUBLICACIÓN, DISTRIBUCIÓN, MANUFACTURA, Y COPYRIGHT
Lugar de producción, publicación, distribución, manufactura Notre Dame, Indiana :
Nombre del productor, publicador, distribuidor University of Notre Dame Press,
Fecha de producción, publicación, distribución, manufactura, o copyright 2002
300 ## - DESCRIPCIÓN FÍSICA
Extensión xi, 233 páginas
336 ## - TIPO DE CONTENIDO
Fuente rdacontent
Término de tipo de contenido
Código de tipo de contenido
337 ## - TIPO DE MEDIO
Fuente rdamedia
Nombre del tipo de medio
Código del tipo de medio
338 ## - TIPO DE SOPORTE
Fuente rdacarrier
Nombre del tipo de soporte
Código Tipo de soporte
501 ## - NOTA DE “CON”
Nota de Contenido Rústico
505 00 - NOTA DE CONTENIDO
Nota de contenido con formato preestablecido La lectura en las comunidades cristianas: Ensayos sobre la interpretación en la iglesia primitiva - Lugares interpretativos - Ubicación de los intérpretes
653 ## - TÉRMINO DE INDIZACIÓN - NO CONTROLADO
Término no controlado Apostolic Church
653 ## - TÉRMINO DE INDIZACIÓN - NO CONTROLADO
Término no controlado Iglesia apostólica
942 ## - TIPO DE MATERIAL (KOHA)
Tipo de Item KOHA Libros General
Existencias
Estado de Material Estado de Perdido Forma de Clasificación Estado de Dañado No para Préstamo Colección Tomo Biblioteca de Origen Biblioteca Permanente Fecha de Adquisición Total de Préstamos Signatura Topográfica Código de Barras Última vez visto Ejemplar/Existencia Fecha de Remplazo Tipo de Material
    Dewey Decimal Classification     Colección General   Biblioteca FUSBC Biblioteca FUSBC 26/08/2015   G 270.1 R287r 20037 12/12/2019 Ej. 1 26/01/2016 Libros General

Biblioteca FUSBC | Teléfono: (57+4) 349 88 10 Ext. 141| WhatsApp (+57) 3005338115 
E-mail: biblioteca@unisbc.edu.co | Calle 76 87-14 Robledo Palenque, Medellín, Colombia

Con tecnología Koha